Central Library OPAC University of Rajshahi

বঙ্গ সাহিত্যে হাস্যরসের ধারা / (Record no. 38023)

MARC details
000 -LEADER
fixed length control field 00843nam a22002297a 4500
001 - CONTROL NUMBER
control field 38023
003 - CONTROL NUMBER IDENTIFIER
rucl marc code BD-RjUL
005 - DATE AND TIME OF LATEST TRANSACTION
control field 20211209052716.0
008 - FIXED-LENGTH DATA ELEMENTS--GENERAL INFORMATION
fixed length control field 161114s1960 bg ||||| |||| 001 0 ben d
020 ## - INTERNATIONAL STANDARD BOOK NUMBER
Terms of availability : TK 14.00
035 ## - SYSTEM CONTROL NUMBER
System control number (BD-RjUL)38128
040 ## - CATALOGING SOURCE
Original cataloging agency BD-RjUL
Language of cataloging ben
Transcribing agency BD-RjUL
041 ## - LANGUAGE CODE
Language code of text/sound track or separate title ben
082 ## - DEWEY DECIMAL CLASSIFICATION NUMBER
Classification number 891.4407
Author mark and year GHB 1960
100 ## - MAIN ENTRY--PERSONAL NAME
Personal name ঘোষ, অজিতকুমার
9 (RLIN) 121928
245 10 - TITLE STATEMENT
Title বঙ্গ সাহিত্যে হাস্যরসের ধারা /
Statement of responsibility, etc. অজিতকুমার ঘোষ
260 ## - PUBLICATION, DISTRIBUTION, ETC. (IMPRINT)
Place of publication, distribution, etc. কলিকাতা :
Name of publisher, distributor, etc. ভারতী লাইব্রেরী,
Date of publication, distribution, etc. ১৯৬০ [১৩৬৭]
300 ## - PHYSICAL DESCRIPTION
Pagination ৫৩২ পৃ. ;
Size ২৪ সেমি.
650 ## - SUBJECT ADDED ENTRY--TOPICAL TERM
Topical term or geographic name as entry element বাংলা হাস্যরস
9 (RLIN) 164412
Topical term or geographic name as entry element Bengali wit and humor.
9 (RLIN) 164413
942 ## - ADDED ENTRY ELEMENTS (KOHA)
Source of classification or shelving scheme Dewey Decimal Classification
Koha item type Books
Holdings
Lost status Source of classification or shelving scheme Damaged status Not for loan Collection code Permanent Location Current Location Shelving location Date acquired Source of acquisition Cost, normal purchase price Total Checkouts Full call number Date last seen Date checked out Copy number Koha item type
  Dewey Decimal Classification     Non-fiction Central Library, University of Rajshahi Central Library, University of Rajshahi   02/02/1967 Purchesed 17.50 1 B 891.4407 GHB 1960 10/12/2020 26/11/2020 C-2 Books
  Dewey Decimal Classification     Non-fiction Central Library, University of Rajshahi Central Library, University of Rajshahi   17/10/1962 Kamala book, kolikata 14.00   B 891.4407 GHB 1960 23/11/2016   C-3 Books
  Dewey Decimal Classification     Non-fiction Central Library, University of Rajshahi Central Library, University of Rajshahi   02/10/1963 Kamala book, kolikata 14.00   B 891.4407 GHB 1960 29/11/2016   C4 Books